| 000 | 00541nam a2200169Ia 4500 | ||
|---|---|---|---|
| 003 | IEPS | ||
| 005 | 20250703135244.0 | ||
| 008 | 250223s9999||||xx |||||||||||||| ||und|| | ||
| 040 | _CIEPS | ||
| 041 | _aara | ||
| 082 | _a796.41 | ||
| 100 | _aعلي عادل عبد البصير | ||
| 245 | 0 | _aاسس و نظريات الجمباز الحديث | |
| 260 |
_aالاسكندرية _bالمكتبة المصرية للطباعة و النشر و التوزيع _c2004 |
||
| 300 |
_a226 ص. _bجداول ، رسوم _c20 سم. |
||
| 942 | _cكتاب | ||
| 999 |
_c11419 _d11419 |
||